[Event "Paris-ch int"]
[Site "Paris"]
[Date "2009.07.12"]
[Round "9"]
[White "Vernay, Clovis"]
[Black "Nesterovsky, Alex"]
[Result "1-0"]
[WhiteElo "2463"]
[BlackElo "2271"]
[PlyCount "177"]
[EventDate "2009.07.04"]
[EventType "swiss"]
[EventRounds "9"]
[EventCountry "FRA"]
[SourceTitle "CBM 131 Extra"]
[Source "ChessBase"]
[SourceDate "2009.09.03"]
[SourceVersion "2"]
[SourceVersionDate "2009.09.16"]
[SourceQuality "1"]

1. d4 Nf6 2. c4 g6 3. Nc3 d5 4. cxd5 Nxd5 5. e4 Nxc3 6. bxc3 c5 7. Bc4 Bg7 8. Ne2 0-0 9. 0-0 Nc6 10. Be3 Na5 11. Bd3 b6 12. f4 cxd4 13. cxd4 Bg4 14. Ba6 Bc8 15. Bd3 Bg4 16. h3 Bxe2 17. Bxe2 Rc8 18. Qa4 Rc3 19. Bf2 Qc7 20. e5 e6 21. Be1 Rc1 22. Bd2 Rxa1 23. Rxa1 Qc6 24. Bb5 Qe4 25. Re1 Qd5 26. Rc1 Rd8 27. Be3 Qe4 28. Kf2 g5 29. fxg5 a6 30. Bc6 Qh4+ 31. g3 Qxh3 32. Be4 Qg4 33. Bf3 Qf5 34. Qb4 Bf8 35. Qxb6 Be7 36. Qxa5 Bxg5 37. Qd2 h6 38. Bxg5 hxg5 39. g4 Qxe5 40. dxe5 Rxd2+ 41. Ke3 Rxa2 42. Rc4 Ra3+ 43. Kf2 Ra5 44. Re4 Kg7 45. Be2 Ra3 46. Bd1 a5 47. Ra4 Rd3 48. Bf3 Rb3 49. Rxa5 Rc3 50. Ra4 Rb3 51. Re4 Ra3 52. Re3 Ra5 53. Be2 Kf8 54. Bc4 Ra4 55. Re4 Ra3 56. Ke2 Ke7 57. Bd3 Ra5 58. Bc4 Ra3 59. Re3 Ra4 60. Kd3 Ra1 61. Kd4 Rd1+ 62. Bd3 Rc1 63. Rh3 Rc8 64. Rh5 Rd8+ 65. Kc4 Rc8+ 66. Kb4 Rb8+ 67. Bb5 Rg8 68. Kc5 Rd8 69. Bc6 Rg8 70. Rh7 Rb8 71. Rg7 Kf8 72. Rxg5 Rb1 73. Kd4 Rb4+ 74. Ke3 Rb3+ 75. Kf4 Rb1 76. Rh5 Rf1+ 77. Bf3 Kg7 78. Rh1 Rf2 79. g5 Rb2 80. Rg1 Rb4+ 81. Be4 Ra4 82. g6 fxg6 83. Rxg6+ Kf7 84. Rh6 Rb4 85. Rh4 Rb5 86. Rh7+ Kf8 87. Kg5 Kg8 88. Kf6 Rb4 89. Rh4 1-0

[Event "Paris-ch int"]
[Site "Paris"]
[Date "2009.07.11"]
[Round "8"]
[White "Nesterovsky, Alex"]
[Black "Sethuraman, SP."]
[Result "1/2-1/2"]
[WhiteElo "2271"]
[BlackElo "2455"]
[PlyCount "290"]
[EventDate "2009.07.04"]
[EventType "swiss"]
[EventRounds "9"]
[EventCountry "FRA"]
[SourceTitle "CBM 131 Extra"]
[Source "ChessBase"]
[SourceDate "2009.09.03"]
[SourceVersion "2"]
[SourceVersionDate "2009.09.16"]
[SourceQuality "1"]

1. e4 e5 2. Nf3 Nc6 3. Bb5 a6 4. Ba4 Nf6 5. 0-0 b5 6. Bb3 Bb7 7. d4 Nxd4 8. Nxd4 exd4 9. e5 Ne4 10. c3 d3 11. Qf3 Qe7 12. Nd2 Nc5 13. Bd5 Bxd5 14. Qxd5 c6 15. Qd4 Qe6 16. b4 Na4 17. Qxd3 Be7 18. f4 0-0 19. Ne4 f5 20. Ng3 d6 21. Be3 Rad8 22. exd6 Bxd6 23. Bd4 c5 24. Rae1 Qc8 25. bxc5 Bxc5 26. Qe3 Bxd4 27. cxd4 Nc3 28. Rc1 b4 29. a3 Rfe8 30. Qd3 a5 31. axb4 axb4 32. Rf2 Qe6 33. Rb2 Rc8 34. Rf1 Nd5 35. Re2 Qf7 36. Rxe8+ Qxe8 37. Nxf5 Rc3 38. Qa6 Qd7 39. Nd6 Qc6 40. Re1 h6 41. Re8+ Kh7 42. Qxc6 Rxc6 43. Ne4 Rc2 44. Rb8 Nxf4 45. g3 Nd3 46. Nc5 Ne1 47. Rxb4 Nf3+ 48. Kf1 Nxh2+ 49. Ke1 Nf3+ 50. Kf1 Kg6 51. Ne4 Kf5 52. d5 Nd2+ 53. Nxd2 Rxd2 54. Rf4+ Kg5 55. Kg1 g6 56. Ra4 h5 57. Rb4 Rxd5 58. Kg2 Rd2+ 59. Kf3 Kf5 60. Rb5+ Kf6 61. Rb6+ Kg7 62. Rb7+ Kh6 63. Rb6 Rd3+ 64. Kf4 Rd5 65. Kf3 Rd3+ 66. Kf4 Ra3 67. Rc6 Ra2 68. Kf3 Ra5 69. Rb6 Kg5 70. Rb4 Ra3+ 71. Kg2 Ra6 72. Rb5+ Kf6 73. Kf3 g5 74. Rc5 Ra3+ 75. Kf2 Ra2+ 76. Kf1 Rd2 77. Ra5 Rd6 78. Kf2 Re6 79. Kf3 Re5 80. Ra8 Re7 81. Ra6+ Kf5 82. Ra5+ Re5 83. Ra4 Rb5 84. Kf2 Rb2+ 85. Kf3 g4+ 86. Ke3 Rb5 87. Kf2 Kg5 88. Ra8 Kf5 89. Ra4 Ke5 90. Ke3 Rb3+ 91. Kf2 Rf3+ 92. Kg2 Rd3 93. Ra5+ Rd5 94. Ra4 Rd4 95. Ra2 Ke4 96. Re2+ Kd5 97. Kf2 Kc4 98. Rc2+ Kd5 99. Re2 Rd3 100. Ra2 Ke4 101. Re2+ Kd4 102. Ra2 Rf3+ 103. Kg2 Rc3 104. Re2 Rc5 105. Kf2 Rf5+ 106. Kg2 Rd5 107. Kf2 Rf5+ 108. Kg2 Kc3 109. Re8 Kd3 110. Rd8+ Ke4 111. Rd2 Ke3 112. Ra2 Rd5 113. Ra3+ Rd3 114. Ra5 Rd2+ 115. Kg1 Kf3 116. Ra3+ Ke4 117. Ra4+ Rd4 118. Ra5 Rd5 119. Ra4+ Ke3 120. Kg2 Rd2+ 121. Kg1 Rd3 122. Kg2 Rd2+ 123. Kg1 Rd5 124. Kg2 Rc5 125. Ra3+ Kd2 126. Ra2+ Kd3 127. Ra3+ Rc3 128. Ra5 Rc2+ 129. Kg1 Ke2 130. Kg2 Ke3+ 131. Kg1 Rd2 132. Rb5 Re2 133. Kf1 Rc2 134. Kg1 h4 135. Rb3+ Ke4 136. gxh4 Kf4 137. Ra3 Rb2 138. h5 Rb6 139. h6 Rxh6 140. Kg2 Re6 141. Ra4+ Kg5 142. Ra8 Re2+ 143. Kg3 Re3+ 144. Kg2 Re5 145. Kg3 Re3+ 1/2-1/2

[Event "ISR-chT 0809"]
[Site "Israel"]
[Date "2009.05.15"]
[Round "9"]
[White "Golod, Vitali"]
[Black "Nesterovsky, Alex"]
[Result "1/2-1/2"]
[WhiteElo "2584"]
[BlackElo "2249"]
[PlyCount "101"]
[EventDate "2008.12.12"]
[EventType "team-tourn"]
[EventRounds "11"]
[EventCountry "ISR"]
[SourceTitle "EXT 2010"]
[Source "ChessBase"]
[SourceDate "2010.11.25"]
[SourceVersion "1"]
[SourceVersionDate "2010.11.25"]
[SourceQuality "1"]

1. d4 Nf6 2. c4 g6 3. Nc3 d5 4. Bf4 Bg7 5. e3 c5 6. dxc5 Qa5 7. Rc1 dxc4 8. Bxc4 0-0 9. Nge2 Qxc5 10. Qb3 Nc6 11. Nb5 Qh5 12. Ng3 Qh4 13. Nc7 e5 14. Bxe5 Nxe5 15. Nxa8 b6 16. Nc7 Bb7 17. Nd5 Nxd5 18. Bxd5 Bxd5 19. Qxd5 Rd8 20. Qb3 Nd3+ 21. Ke2 Nxc1+ 22. Rxc1 Be5 23. Qb5 Bb8 24. Qc6 Bxg3 25. hxg3 Qh5+ 26. Ke1 Qh1+ 27. Ke2 Qh5+ 28. f3 Qh2 29. f4 Qxg3 30. Qf3 Qh4 31. Rd1 Rxd1 32. Kxd1 Qd8+ 33. Ke2 Qc8 34. Qd5 Qc2+ 35. Kf3 Qxb2 36. Qa8+ Kg7 37. Qxa7 h5 38. Qa4 Qb1 39. Qd4+ Kh7 40. Qc4 Qf5 41. Ke2 b5 42. Qb3 Kg8 43. Qd3 Qg4+ 44. Kf1 b4 45. Qd8+ Kh7 46. Qd5 Kg8 47. Qb3 h4 48. Qxb4 h3 49. gxh3 Qxh3+ 50. Kf2 Qh2+ 51. Kf3 1/2-1/2

[Event "Petah Tikva"]
[Site "Petah Tikva"]
[Date "2009.04.25"]
[Round "9"]
[White "Nesterovsky, Alex"]
[Black "Kalka, Arkadius Georg"]
[Result "1/2-1/2"]
[WhiteElo "2255"]
[BlackElo "2397"]
[PlyCount "81"]
[EventDate "2009.04.15"]
[EventType "tourn"]
[EventRounds "9"]
[EventCountry "ISR"]
[EventCategory "4"]
[SourceTitle "EXT 2010"]
[Source "ChessBase"]
[SourceDate "2010.11.25"]
[SourceVersion "1"]
[SourceVersionDate "2010.11.25"]
[SourceQuality "1"]

1. e4 c5 2. Nf3 d6 3. d4 cxd4 4. Nxd4 Nf6 5. Nc3 g6 6. Be3 Bg7 7. f3 Nc6 8. Qd2 0-0 9. Bc4 Nd7 10. h4 Nb6 11. Bb3 Na5 12. Qd3 Bd7 13. h5 Rc8 14. hxg6 hxg6 15. 0-0-0 Nbc4 16. Bh6 e5 17. Bxg7 Kxg7 18. Nde2 Qg5+ 19. Kb1 Rh8 20. Rxh8 Kxh8 21. Bxc4 Nxc4 22. b3 Ne3 23. Rh1+ Kg8 24. Qxd6 Bb5 25. g3 Bxe2 26. Nxe2 Nxc2 27. Nc3 Rd8 28. Qc7 Nb4 29. Qxb7 a5 30. Qb6 Qd2 31. Qc7 Qc2+ 32. Ka1 Re8 33. Qc4 Qg2 34. Qf1 Qd2 35. Qc1 Qd3 36. Nd5 Nxd5 37. exd5 Qd4+ 38. Qb2 Qxd5 39. Qh2 Qd4+ 40. Kb1 Qd3+ 41. Kb2 1/2-1/2

[Event "Petah Tikva"]
[Site "Petah Tikva"]
[Date "2009.04.22"]
[Round "7"]
[White "Kudischewitsch, David"]
[Black "Nesterovsky, Alex"]
[Result "0-1"]
[WhiteElo "2367"]
[BlackElo "2255"]
[PlyCount "58"]
[EventDate "2009.04.15"]
[EventType "tourn"]
[EventRounds "9"]
[EventCountry "ISR"]
[EventCategory "4"]
[SourceTitle "EXT 2010"]
[Source "ChessBase"]
[SourceDate "2010.11.25"]
[SourceVersion "1"]
[SourceVersionDate "2010.11.25"]
[SourceQuality "1"]

1. d4 Nf6 2. c4 g6 3. Nc3 d5 4. Nf3 Bg7 5. Qa4+ Bd7 6. Qb3 dxc4 7. Qxc4 0-0 8. Bg5 Na6 9. Rd1 c6 10. a3 Qa5 11. Bd2 Be6 12. Qd3 Rfd8 13. Qc2 Qb6 14. b4 Bg4 15. e3 Rac8 16. Na4 Qc7 17. Bxa6 bxa6 18. Rc1 Bxf3 19. gxf3 e5 20. dxe5 Qxe5 21. Nc5 Qh5 22. Ke2 Rd5 23. e4 Re8 24. Be3 Rde5 25. Qd3 Nxe4 26. Nxe4 Rxe4 27. Rc5 f5 28. h4 Bd4 29. Rh3 Bxc5 0-1

[Event "Petah Tikva"]
[Site "Petah Tikva"]
[Date "2009.04.16"]
[Round "2"]
[White "Nesterovsky, Alex"]
[Black "Arlinsky, Uriel"]
[Result "1/2-1/2"]
[WhiteElo "2255"]
[BlackElo "2247"]
[PlyCount "68"]
[EventDate "2009.04.15"]
[EventType "tourn"]
[EventRounds "9"]
[EventCountry "ISR"]
[EventCategory "4"]
[SourceTitle "EXT 2010"]
[Source "ChessBase"]
[SourceDate "2010.11.25"]
[SourceVersion "1"]
[SourceVersionDate "2010.11.25"]
[SourceQuality "1"]

1. e4 c5 2. Nf3 e6 3. Nc3 a6 4. d4 cxd4 5. Nxd4 b5 6. Bd3 Qb6 7. Nf3 Qc7 8. 0-0 Nc6 9. Re1 Nge7 10. Bxb5 Ng6 11. Bf1 Bd6 12. h3 0-0 13. Ne2 f5 14. exf5 Rxf5 15. Nc3 Bb7 16. Bd3 Rxf3 17. Qxf3 Rf8 18. Qh5 Bh2+ 19. Kh1 Rxf2 20. Ne4 Rf5 21. Ng5 Nce7 22. Bxf5 Nxf5 23. Qxh7+ Kf8 24. Rf1 Qc4 25. Bd2 Qe2 26. Bb4+ d6 27. Nxe6+ Ke7 28. Nf4 Bxf4 29. Qxg6 Ng3+ 30. Qxg3 Bxg3 31. Rfe1 Bxg2+ 32. Kg1 Bxe1 33. Rxe1 Qxe1+ 34. Bxe1 Bxh3 1/2-1/2

[Event "ISR-chT 0809"]
[Site "Israel"]
[Date "2009.01.09"]
[Round "5"]
[White "Gershkowich, David"]
[Black "Nesterovsky, Alex"]
[Result "0-1"]
[WhiteElo "2341"]
[BlackElo "2249"]
[PlyCount "100"]
[EventDate "2008.12.12"]
[EventType "team-tourn"]
[EventRounds "11"]
[EventCountry "ISR"]
[SourceTitle "EXT 2010"]
[Source "ChessBase"]
[SourceDate "2010.11.25"]
[SourceVersion "1"]
[SourceVersionDate "2010.11.25"]
[SourceQuality "1"]

1. e4 c5 2. Nf3 Nc6 3. c3 Nf6 4. e5 Nd5 5. d4 cxd4 6. cxd4 d6 7. Bc4 Nb6 8. Bb5 dxe5 9. Nxe5 Bd7 10. Nxd7 Qxd7 11. 0-0 e6 12. Nc3 Be7 13. Qg4 0-0 14. Bh6 Qxd4 15. Qg3 Bd6 16. Bxg7 Bxg3 17. Bxd4 Bxh2+ 18. Kxh2 Nxd4 19. Bd3 Rfd8 20. Rad1 f5 21. Rfe1 Rd7 22. Nb5 Nxb5 23. Bxb5 Rxd1 24. Rxd1 Kf7 25. a4 Rc8 26. Rd6 Ke7 27. Rd4 Rc7 28. Rh4 Kd6 29. Rh6 Nc4 30. b3 Ne5 31. f3 a6 32. Be2 Rc2 33. Bd1 Rd2 34. f4 Rxd1 35. fxe5+ Kxe5 36. Rxh7 b6 37. Rb7 Rd6 38. Rb8 a5 39. Kg1 Kd5 40. Rc8 Rc6 41. Rd8+ Ke4 42. Rd1 f4 43. Re1+ Kf5 44. Rb1 e5 45. Kf1 Rc2 46. Rd1 Rb2 47. Rd3 Ke4 48. Rf3 Rd2 49. Rc3 Rd3 50. Rc4+ Kd5 0-1

[Event "Petah Tikva Febr"]
[Site "Petah Tikva"]
[Date "2008.02.??"]
[Round "5"]
[White "Cohen, Or"]
[Black "Nesterovsky, Alex"]
[Result "1-0"]
[WhiteElo "2280"]
[BlackElo "2200"]
[PlyCount "83"]
[EventDate "2008.02.??"]
[EventType "tourn"]
[EventRounds "9"]
[EventCountry "ISR"]
[EventCategory "3"]
[SourceTitle "EXT 2009"]
[Source "ChessBase"]
[SourceDate "2008.11.26"]
[SourceVersion "1"]
[SourceVersionDate "2008.11.26"]
[SourceQuality "1"]

1. e4 c6 2. d4 d5 3. Nc3 dxe4 4. Nxe4 Bf5 5. Nc5 e5 6. Nxb7 Qb6 7. Nc5 exd4 8. Nb3 c5 9. Bc4 Qb4+ 10. Nd2 Nf6 11. Qf3 Be4 12. Qe2 Be7 13. a3 Qb7 14. Nxe4 Nxe4 15. Qh5 Nd6 16. Bd5 Nc6 17. Nf3 Bf6 18. 0-0 0-0 19. Bg5 g6 20. Qg4 Bg7 21. Rae1 Nf5 22. Qe4 Rac8 23. g4 Nd6 24. Qf4 Qd7 25. Bxc6 Rxc6 26. Re7 Qc8 27. h3 Nc4 28. Rfe1 Re6 29. R1xe6 fxe6 30. Qe4 Re8 31. Rxa7 Nxb2 32. Ne5 Qb8 33. Nc6 Qd6 34. Ne7+ Kh8 35. Nxg6+ hxg6 36. Qxg6 Qf8 37. Rxg7 Qxg7 38. Bf6 Re7 39. Qh6+ Kg8 40. Bxg7 Rxg7 41. Qxe6+ Rf7 42. Qc8+ 1-0

[Event "Petah Tikva Febr"]
[Site "Petah Tikva"]
[Date "2008.02.??"]
[Round "8"]
[White "Nedobora, Mikhail"]
[Black "Nesterovsky, Alex"]
[Result "1-0"]
[WhiteElo "2419"]
[BlackElo "2200"]
[PlyCount "41"]
[EventDate "2008.02.??"]
[EventType "tourn"]
[EventRounds "9"]
[EventCountry "ISR"]
[EventCategory "3"]
[SourceTitle "EXT 2009"]
[Source "ChessBase"]
[SourceDate "2008.11.26"]
[SourceVersion "1"]
[SourceVersionDate "2008.11.26"]
[SourceQuality "1"]

1. d4 d5 2. c4 c6 3. Nf3 Nf6 4. e3 e6 5. Nbd2 a6 6. Bd3 c5 7. b3 Nc6 8. Bb2 dxc4 9. bxc4 Be7 10. 0-0 0-0 11. Rc1 b6 12. Bb1 Bb7 13. Qe2 cxd4 14. exd4 Qd6 15. Rfd1 Rfd8 16. Nf1 Bf8 17. Ng3 Qe7 18. Re1 Rd7 19. d5 exd5 20. Qc2 Nb4 21. Rxe7 1-0

[Event "Petah Tikva Febr"]
[Site "Petah Tikva"]
[Date "2008.02.??"]
[Round "2"]
[White "Nesterovsky, Alex"]
[Black "Alexikov, Alexander"]
[Result "1-0"]
[WhiteElo "2200"]
[BlackElo "2392"]
[PlyCount "53"]
[EventDate "2008.02.??"]
[EventType "tourn"]
[EventRounds "9"]
[EventCountry "ISR"]
[EventCategory "3"]
[SourceTitle "EXT 2009"]
[Source "ChessBase"]
[SourceDate "2008.11.26"]
[SourceVersion "1"]
[SourceVersionDate "2008.11.26"]
[SourceQuality "1"]

1. e4 c5 2. Nf3 d6 3. d4 cxd4 4. Nxd4 Nf6 5. Nc3 a6 6. Bg5 e6 7. f4 Qb6 8. Qd2 Qxb2 9. Rb1 Qa3 10. e5 dxe5 11. fxe5 Nfd7 12. Ne4 h6 13. Bh4 Qxa2 14. Rd1 Qd5 15. Qe3 Bc5 16. Nxe6 Bb4+ 17. c3 Qxe6 18. cxb4 0-0 19. Rd6 Qxe5 20. Bc4 Re8 21. Bxf7+ Kxf7 22. Qb3+ Re6 23. 0-0+ Nf6 24. Nxf6 gxf6 25. Rxf6+ Qxf6 26. Bxf6 Kxf6 27. Qf3+ 1-0

[Event "Petah Tikva Febr"]
[Site "Petah Tikva"]
[Date "2008.02.??"]
[Round "8"]
[White "Nesterovsky, Alex"]
[Black "Axelrod, Arie"]
[Result "1/2-1/2"]
[WhiteElo "2200"]
[BlackElo "2223"]
[PlyCount "62"]
[EventDate "2008.02.??"]
[EventType "tourn"]
[EventRounds "9"]
[EventCountry "ISR"]
[EventCategory "3"]
[SourceTitle "EXT 2009"]
[Source "ChessBase"]
[SourceDate "2008.11.26"]
[SourceVersion "1"]
[SourceVersionDate "2008.11.26"]
[SourceQuality "1"]

1. e4 c5 2. Nf3 g6 3. d4 cxd4 4. Nxd4 Bg7 5. Nc3 Nc6 6. Be3 Nf6 7. Bc4 d6 8. f3 Qb6 9. Bb5 Nd7 10. Nd5 Qa5+ 11. Bd2 Qd8 12. Nxc6 bxc6 13. Bxc6 Rb8 14. b3 e6 15. Bc3 Bxc3+ 16. Nxc3 Qh4+ 17. g3 Qf6 18. Qd3 0-0 19. Bxd7 Bxd7 20. 0-0 Rfc8 21. Ne2 Qb2 22. Rfc1 Bb5 23. Qd4 Rxc2 24. Rxc2 Qxc2 25. Qxd6 Rb6 26. Qd8+ Kg7 27. Qd4+ f6 28. Nc3 Be8 29. Rd1 Rc6 30. Qxa7+ Kf8 31. Qa3+ Kg7 1/2-1/2

[Event "Champions Challenge 92nd"]
[Site "Playchess.com INT"]
[Date "2005.04.30"]
[Round "1.3"]
[White "Meier, Georg"]
[Black "Nesterovsky, Alex"]
[Result "1-0"]
[WhiteElo "2438"]
[BlackElo "2120"]
[PlyCount "137"]
[EventDate "2005.04.30"]
[EventType "k.o. (blitz)"]
[EventRounds "5"]
[EventCountry "GER"]
[SourceTitle "EXT 2007"]
[Source "ChessBase"]
[SourceDate "2006.11.23"]
[SourceVersion "1"]
[SourceVersionDate "2006.11.23"]
[SourceQuality "1"]

1. Nf3 Nf6 2. g3 c5 3. Bg2 d5 4. 0-0 Nc6 5. d4 cxd4 6. Nxd4 e5 7. Nxc6 bxc6 8. c4 h6 9. Nc3 Be6 10. Qa4 Qd7 11. Rd1 Rd8 12. Be3 Be7 13. Qa5 0-0 14. Bc5 d4 15. e3 d3 16. Bxe7 Qxe7 17. Qxe5 Qb4 18. Ne4 Ng4 19. Qc3 Qxc3 20. Nxc3 Bxc4 21. Rd2 Rd6 22. Ne4 Rd5 23. b3 Ba6 24. Rc1 Rdd8 25. Nc5 Bc8 26. Rxd3 Ne5 27. Rd4 Bg4 28. Kf1 Rxd4 29. exd4 Nf3 30. h3 Nd2+ 31. Ke1 Nf3+ 32. Kf1 Nd2+ 33. Kg1 Bf3 34. Rc2 Bxg2 35. Kxg2 Nb1 36. Na4 Rd8 37. Rxc6 Rxd4 38. Rc8+ Kh7 39. Rc7 Rd2 40. Rxa7 Rxa2 41. Rxf7 Nd2 42. Nc5 Rc2 43. b4 Kg6 44. Rf4 Kh7 45. h4 g5 46. hxg5 hxg5 47. Rd4 Kg6 48. Ne4 Nxe4 49. Rxe4 Kf5 50. Rd4 Rb2 51. Rd5+ Kf6 52. Rb5 g4 53. Rb8 Ke5 54. b5 Kd6 55. Rg8 Rb4 56. Rg5 Kc7 57. Kf1 Kb6 58. Ke2 Rb2+ 59. Ke3 Rb3+ 60. Kf4 Rb4+ 61. Kf5 Rb2 62. Kxg4 Rxf2 63. Rf5 Rg2 64. Kf4 Rf2+ 65. Kg5 Rg2 66. g4 Ka5 67. Kh5 Kb6 68. g5 Ka5 69. Rf6 1-0

[Event "EU-ch Internet qual"]
[Site "Playchess.com INT"]
[Date "2003.11.08"]
[Round "7"]
[White "Bock, Juergen"]
[Black "Nesterovsky, Alex"]
[Result "0-1"]
[WhiteElo "2225"]
[BlackElo "2045"]
[PlyCount "138"]
[EventDate "2003.11.08"]
[EventType "swiss (blitz)"]
[EventRounds "15"]
[EventCountry "GER"]
[SourceTitle "EXT 2004"]
[Source "ChessBase"]
[SourceDate "2003.11.25"]
[SourceVersion "1"]
[SourceVersionDate "2003.11.25"]
[SourceQuality "1"]

1. d4 Nf6 2. c4 e6 3. Nf3 c5 4. d5 exd5 5. cxd5 d6 6. Nc3 g6 7. e4 Bg7 8. h3 0-0 9. Bd3 Nbd7 10. 0-0 Nh5 11. g4 Nhf6 12. Bf4 Qe7 13. Re1 h5 14. g5 Ne8 15. h4 Ne5 16. Nxe5 Bxe5 17. Qd2 f6 18. Kg2 Bxf4 19. Qxf4 fxg5 20. Qxg5 Qxg5+ 21. hxg5 Bg4 22. Re3 Kg7 23. f3 Bd7 24. Kg3 a6 25. a4 Nc7 26. a5 Rae8 27. Rh1 Bb5 28. f4 Bxd3 29. Rxd3 Nb5 30. Nxb5 axb5 31. Re1 Ra8 32. e5 Rfe8 33. Ree3 Kf7 34. exd6 Rad8 35. Rxe8 Rxe8 36. Rc3 c4 37. b3 Rc8 38. Kf3 b4 39. Rc1 c3 40. Ke4 Rd8 41. Ke5 Rh8 42. Kd4 Rc8 43. Ke5 Rc5 44. Kd4 Rc8 45. Ke5 Ra8 46. Kd4 Rxa5 47. Kc4 Ke8 48. Kxb4 Rxd5 49. Rxc3 Rxd6 50. Re3+ Kf7 51. Kc4 Re6 52. Rf3 Re4+ 53. Kd5 Rb4 54. Ke5 b6 55. Kd6 h4 56. Ke5 Rb5+ 57. Ke4 Ke6 58. Rh3 Rb4+ 59. Kf3 Rxb3+ 60. Kg4 Rxh3 61. Kxh3 Kf5 62. Kxh4 Kxf4 63. Kh3 Kf3 64. Kh4 b5 65. Kh3 b4 66. Kh4 b3 67. Kh3 b2 68. Kh4 b1Q 69. Kh3 Qh1# 0-1

[Event "EU-ch Internet qual"]
[Site "Playchess.com INT"]
[Date "2003.11.08"]
[Round "13"]
[White "Milov, Vadim"]
[Black "Nesterovsky, Alex"]
[Result "0-1"]
[WhiteElo "2595"]
[BlackElo "2045"]
[PlyCount "152"]
[EventDate "2003.11.08"]
[EventType "swiss (blitz)"]
[EventRounds "15"]
[EventCountry "GER"]
[SourceTitle "EXT 2004"]
[Source "ChessBase"]
[SourceDate "2003.11.25"]
[SourceVersion "1"]
[SourceVersionDate "2003.11.25"]
[SourceQuality "1"]

1. Nf3 Nf6 2. Nc3 d5 3. e3 c5 4. d4 Bf5 5. dxc5 Nc6 6. Nd4 Bg4 7. Be2 Bxe2 8. Qxe2 e5 9. Nb3 Be7 10. 0-0 0-0 11. Rd1 Qd7 12. Nxd5 Nxd5 13. e4 Nc3 14. bxc3 Qe6 15. Be3 Rfd8 16. Rd3 Rdc8 17. Rad1 Qc4 18. Rd8+ Rxd8 19. Rxd8+ Rxd8 20. Qxc4 Rd1+ 21. Qf1 Rxf1+ 22. Kxf1 f6 23. Ke2 Kf7 24. Kd3 Ke6 25. Kc4 a6 26. f4 g6 27. g4 exf4 28. Bxf4 f5 29. exf5+ gxf5 30. h3 fxg4 31. hxg4 Bf6 32. Nd4+ Kd7 33. Kd5 Ne7+ 34. Ke4 Ng6 35. Bg3 Be7 36. Kd5 Bf6 37. a4 Ne7+ 38. Ke4 Nc6 39. Bf4 Be7 40. Kd5 Bf8 41. Bd6 Bg7 42. Bf4 Ne7+ 43. Kc4 Ng6 44. Bg3 Be5 45. Bf2 Bf6 46. Kd5 Ne7+ 47. Ke4 Nc6 48. Be1 Be7 49. Kd5 Bf6 50. Nf5 Ne7+ 51. Kc4 Nxf5 52. gxf5 h5 53. Bg3 h4 54. Bh2 Kc6 55. Bd6 h3 56. Bh2 Be7 57. Kd4 Bxc5+ 58. Ke4 Bd6 59. Bxd6 Kxd6 60. Kf3 Ke5 61. Kg3 Kxf5 62. Kxh3 Ke4 63. Kg4 Kd5 64. Kf5 a5 65. Kf6 Kc4 66. Ke6 Kxc3 67. Kd5 Kxc2 68. Kc4 b6 69. Kb5 Kb3 70. Ka6 Kxa4 71. Kxb6 Kb4 72. Kc6 a4 73. Kd6 a3 74. Kc6 a2 75. Kd6 a1Q 76. Kc6 Qc3+ 0-1

[Event "EU-ch Internet qual"]
[Site "Playchess.com INT"]
[Date "2003.11.08"]
[Round "14"]
[White "Nesterovsky, Alex"]
[Black "Buscher, Michael"]
[Result "0-1"]
[WhiteElo "2045"]
[BlackElo "2263"]
[PlyCount "112"]
[EventDate "2003.11.08"]
[EventType "swiss (blitz)"]
[EventRounds "15"]
[EventCountry "GER"]
[SourceTitle "EXT 2004"]
[Source "ChessBase"]
[SourceDate "2003.11.25"]
[SourceVersion "1"]
[SourceVersionDate "2003.11.25"]
[SourceQuality "1"]

1. d4 Nf6 2. c4 e6 3. Nc3 Bb4 4. Qc2 0-0 5. a3 Bxc3+ 6. Qxc3 b5 7. cxb5 c6 8. Bg5 cxb5 9. Qf3 Nc6 10. e3 a6 11. Bd3 Bb7 12. Bxf6 Qxf6 13. Qxf6 gxf6 14. Nf3 Na5 15. b4 Nc4 16. Bxc4 bxc4 17. Rc1 Bxf3 18. gxf3 d5 19. Kd2 a5 20. b5 a4 21. Rb1 Ra5 22. Rb4 Rb8 23. Rhb1 Kf8 24. Kc3 Ke7 25. f4 Kd6 26. f3 Kc7 27. e4 Rg8 28. f5 Rg2 29. fxe6 fxe6 30. exd5 exd5 31. b6+ Kb7 32. R4b2 Rxb2 33. Rxb2 Ra6 34. Re2 Rxb6 35. Re7+ Ka6 36. Rxh7 Rb3+ 37. Kc2 Rxa3 38. f4 Rf3 39. Rh5 Kb5 40. Rxd5+ Kb4 41. Rd8 Rf2+ 42. Kb1 Rxh2 43. Rb8+ Kc3 44. d5 Rd2 45. Rb5 Rd4 46. f5 Kd2 47. Rb2+ Kd3 48. Rb5 c3 49. Rc5 Kd2 50. Ka2 c2 51. Kb2 Rb4+ 52. Ka3 Rb3+ 53. Kxa4 Rc3 54. Rxc3 Kxc3 55. d6 c1Q 56. d7 Qd1+ 0-1

[Event "EU-ch Internet qual"]
[Site "Playchess.com INT"]
[Date "2003.11.08"]
[Round "4"]
[White "Nesterovsky, Alex"]
[Black "Lipecki, Alexander"]
[Result "0-1"]
[WhiteElo "2045"]
[BlackElo "2078"]
[PlyCount "82"]
[EventDate "2003.11.08"]
[EventType "swiss (blitz)"]
[EventRounds "15"]
[EventCountry "GER"]
[SourceTitle "EXT 2004"]
[Source "ChessBase"]
[SourceDate "2003.11.25"]
[SourceVersion "1"]
[SourceVersionDate "2003.11.25"]
[SourceQuality "1"]

1. d4 e6 2. c4 d5 3. Nc3 c6 4. cxd5 exd5 5. Nf3 Nf6 6. Bg5 Bd6 7. e3 0-0 8. Bd3 Bg4 9. h3 Bh5 10. Qc2 h6 11. Bh4 g5 12. Nxg5 hxg5 13. Bxg5 Kg7 14. g4 Bg6 15. 0-0-0 Nbd7 16. h4 Qa5 17. h5 Bxd3 18. Qxd3 Ne4 19. h6+ Kh8 20. Nxe4 dxe4 21. Qxe4 Qxg5 22. Rh5 Qg6 23. Qg2 Nf6 24. Rh4 Rg8 25. f3 Qg5 26. Qf2 Nd5 27. f4 Nxf4 28. exf4 Qxf4+ 29. Qxf4 Bxf4+ 30. Kc2 Rae8 31. Rf1 Bg5 32. Rh5 f6 33. Rf2 Rg6 34. h7 Rg7 35. Rfh2 Ree7 36. Kd3 Rxh7 37. Rxh7+ Rxh7 38. Re2 Kg8 39. Ke4 Re7+ 40. Kf3 Rxe2 41. Kxe2 Kf7 0-1